| 000 | 00553cab a2200205 4500 | ||
|---|---|---|---|
| 001 | ABS51060 | ||
| 008 | 090401t1994 xxu||||| |||| 00| 0 eng d | ||
| 035 | _a(Sirsi) u7349 | ||
| 041 | _aeng | ||
| 100 | _aThame, D. | ||
| 245 | _aCentrefolio: Greater Manchester and West Yorkshire | ||
| 260 | _c1994 | ||
| 350 | _a0 | ||
| 490 |
_aProperty Week _v42(2) 14 July 1994, 31-59(11) |
||
| 650 | _aGREATER MANCHESTER | ||
| 650 | _aWEST YORKSHIRE | ||
| 690 | _aPROPERTY-COMMERCIAL PROPERTY-COMMERCIAL PROPERTY MARKET | ||
| 942 | _n0 | ||
| 948 | _c04/03/1997 | ||
| 999 |
_c4429 _d4429 |
||